<?xml version="1.0" encoding="UTF-8"?>
<collection xmlns:xsi="http://www.w3.org/2001/XMLSchema-instance" xsi:schemaLocation="http://www.loc.gov/MARC21/slim http://www.loc.gov/standards/marcxml/schema/MARC21slim.xsd" xmlns="http://www.loc.gov/MARC21/slim">
 <record>
  <leader>00000nam a22000004a 4500</leader>
  <controlfield tag="001">UP-1685594773863119812</controlfield>
  <controlfield tag="003">Buklod</controlfield>
  <controlfield tag="005">20250212094002.0</controlfield>
  <controlfield tag="006">a     r    |||| u|</controlfield>
  <controlfield tag="007">ta</controlfield>
  <controlfield tag="008">250212s2022    ph      r    |||| u|eng d</controlfield>
  <datafield tag="020" ind1=" " ind2=" ">
   <subfield code="a">9789715640787 (pbk.)</subfield>
  </datafield>
  <datafield tag="037" ind1=" " ind2=" ">
   <subfield code="a">Pu-F-2502g</subfield>
   <subfield code="c">Gift</subfield>
  </datafield>
  <datafield tag="040" ind1=" " ind2=" ">
   <subfield code="a">DCPA</subfield>
   <subfield code="e">rda</subfield>
  </datafield>
  <datafield tag="041" ind1=" " ind2=" ">
   <subfield code="a">eng</subfield>
  </datafield>
  <datafield tag="042" ind1=" " ind2=" ">
   <subfield code="a">DMLUC</subfield>
  </datafield>
  <datafield tag="090" ind1=" " ind2=" ">
   <subfield code="a">RA 644 C67</subfield>
   <subfield code="b">P45  2022</subfield>
  </datafield>
  <datafield tag="245" ind1="0" ind2="4">
   <subfield code="a">The Philippines’ response to the Covid-19 pandemic</subfield>
   <subfield code="b">learning from experience and emerging stronger to future shocks </subfield>
   <subfield code="c">edited by Celia M. Reyes.</subfield>
  </datafield>
  <datafield tag="264" ind1=" " ind2="1">
   <subfield code="a">Quezon City</subfield>
   <subfield code="b">Philippine Institute for Development Studies (PIDS)</subfield>
   <subfield code="c">[2022]</subfield>
  </datafield>
  <datafield tag="300" ind1=" " ind2=" ">
   <subfield code="a">xxxv, 570 pages</subfield>
   <subfield code="b">color illustration, color maps</subfield>
   <subfield code="c">23 cm.</subfield>
  </datafield>
  <datafield tag="336" ind1=" " ind2=" ">
   <subfield code="a">text</subfield>
   <subfield code="2">rdacontent</subfield>
  </datafield>
  <datafield tag="337" ind1=" " ind2=" ">
   <subfield code="a">unmediated</subfield>
   <subfield code="2">rdamedia</subfield>
  </datafield>
  <datafield tag="338" ind1=" " ind2=" ">
   <subfield code="a">volume</subfield>
   <subfield code="2">rdacarrier</subfield>
  </datafield>
  <datafield tag="504" ind1=" " ind2=" ">
   <subfield code="a">Includes bibliographical references.</subfield>
  </datafield>
  <datafield tag="505" ind1="0" ind2="0">
   <subfield code="a">Learning from Experience and Emerging Stronger to Future Shocks/ Celia M. Reyes, Ma. Kristina P. Ortiz, Arkin A. Arboneda, and Anna Rita P. Vargas. -- Projected Disease Transmission, Health System Requirements, and Macroeconomic Impacts of COVID-19 in the Philippines/ Michael R.M. Abrigo, Jhanna Uy, Nel Jason Haw, Valerie Gilbert T. Ulep, and Kris A. Francisco. -- The Multifaceted Health Impacts of the COVID-19 Pandemic/ Valerie Gilbert T. Ulep. -- Navigating the COVID-19 Storm: Impact of the Pandemic on the Philippine Economy and Macro Responses of the Government/ Margarita Debuque-Gonzales. -- The COVID-19 Pandemic and Food Security in the Philippines / Roehlano M. Briones. -- The impacts of the COVID-19 pandemic in Filipino / Aubrey D. Tabuga d Carlos C. Cabaero -- Inequality and human development in the Philippines in the time of COVID-19 / Adoracion Navarro -- Mitigating the impact of COVID-19 pandemic on poverty / Celia M. Reyes, Ronina D. Asis, Arkin A. Arboneda, and Anna Rita P. Vargas -- Poverty, the Middle Class, and Income Distribution amid COVID-19/ Jose Ramon G. Albert, Michael R.M. Abrigo, Francis Mark A. Quimba, and Jana Flor V. Vizmanos. -- Basic Education during the COVID-19 Pandemic: What Do Enrollment by Learning Modality and Household Characteristics Tell Us?/ Aniceto C. Orbeta, Jr. -- Crisis and Risk Communication: What We Can Learn from the COVID-19 Pandemic/ Sheila V. Siar. -- National and Local Government’s Fiscal Response and Role in Recovery/ Charlotte Justine Diokno-Sicat.&#13;
</subfield>
  </datafield>
  <datafield tag="520" ind1="0" ind2=" ">
   <subfield code="a">The coronavirus disease 2019 (COVID-19) pandemic hit the Philippine economy and society unprecedentedly. To protect the people, the government had to act decisively and identify solutions to contain the rapid spread of the virus and the devastating economic and social disruption caused by the pandemic.  This book compiles papers assessing the strategies, policies, and recovery efforts that the government had implemented during the first year of the COVID-19 pandemic. It discusses the challenges that the country had experienced and the government's responses in the areas of health, macroeconomy, food security, labor, social protection, poverty, education, digitalization, fiscal policy, and crisis and risk communication. Learning from these experiences, this book provides recommendations to help the Philippines recover from the current crisis and build better resilience to future shocks.</subfield>
  </datafield>
  <datafield tag="650" ind1=" " ind2="0">
   <subfield code="a">COVID-19 Pandemic, 2020-</subfield>
   <subfield code="x">Government policy</subfield>
   <subfield code="z">Philippines.</subfield>
  </datafield>
  <datafield tag="650" ind1=" " ind2="0">
   <subfield code="a">COVID-19 Pandemic, 2020-</subfield>
   <subfield code="x">Economic aspects</subfield>
   <subfield code="z">Philippines.</subfield>
  </datafield>
  <datafield tag="650" ind1=" " ind2="0">
   <subfield code="a">COVID-19 Pandemic, 2020-</subfield>
   <subfield code="x">Social aspects</subfield>
   <subfield code="z">Philippines.</subfield>
  </datafield>
  <datafield tag="856" ind1=" " ind2=" ">
   <subfield code="a">Full Text</subfield>
   <subfield code="y">PIDS Website</subfield>
   <subfield code="u">https://pidswebs.pids.gov.ph/CDN/document/pidsbk2022-covid19.pdf</subfield>
  </datafield>
  <datafield tag="905" ind1=" " ind2=" ">
   <subfield code="a">FI</subfield>
  </datafield>
  <datafield tag="852" ind1="0" ind2=" ">
   <subfield code="a">UPD</subfield>
   <subfield code="b">DCPA</subfield>
   <subfield code="h">RA 644 C67</subfield>
   <subfield code="i">P6 2022</subfield>
  </datafield>
  <datafield tag="852" ind1="0" ind2=" ">
   <subfield code="a">UPD</subfield>
   <subfield code="b">DMLF</subfield>
   <subfield code="h">RA 644 C67</subfield>
   <subfield code="i">P45 2022</subfield>
  </datafield>
  <datafield tag="942" ind1=" " ind2=" ">
   <subfield code="a">Book</subfield>
  </datafield>
 </record>
</collection>
